| 000 | 01078nam a2200337 a 4500 | ||
|---|---|---|---|
| 001 | 0000428 | ||
| 003 | DO-SdBPM | ||
| 005 | 20250813111951.0 | ||
| 007 | ta | ||
| 008 | 091125s1998 sp a 000 0 spa d | ||
| 020 | _a8424156560 | ||
| 040 |
_aDO-SdBPM _bspa _cBPMSU _erda |
||
| 082 | 4 |
_a736.982 _bA989L 1998 _222 |
|
| 100 | 1 |
_a Ayture-Scheele, Zulal. _eautor |
|
| 245 | 1 | 0 |
_aEl libro del origami : _b papiroflexia para grandes y pequeños / _cZulal Ayture-Scheele ; [traducción Miguel Presa Pereira |
| 250 | _a8a. ed. | ||
| 260 |
_a _b _c |
||
| 264 |
_aBarcelona : _b Editorial Everest, _c1998 |
||
| 300 |
_a88 páginas : _bilustraciones ; _c28 cm. _e |
||
| 336 |
_atexto _btxt _2rdacontent |
||
| 337 |
_asin mediación _bn _2rdamedia |
||
| 338 |
_avolumen _bnc _2rdacarrier |
||
| 500 | _a | ||
| 590 | _aInventariado, 2025/VM | ||
| 650 | 7 |
_aOrigami _xTécnicas |
|
| 650 | 7 | _atrabajo en papel | |
| 650 | 7 | _aTrabajos manuales (Educación) | |
| 700 | 1 |
_aPresa Pereira, Miguel, _etraductor |
|
| 910 | _a VMateo V. Control de calidad. BPMSU | ||
| 942 |
_2ddc _cBK |
||
| 999 |
_c15334 _d15334 |
||